Postmodern analysis

Αποθηκεύτηκε σε:
Λεπτομέρειες βιβλιογραφικής εγγραφής
Κύριος συγγραφέας: Jost, Jurgen 1956-
Μορφή: Βιβλίο
Γλώσσα:English
Δημοσίευση: Berlin ; New York : Springer, c2005
Έκδοση:3rd ed.
Σειρά:Universitext
Θέματα:
Ετικέτες: Προσθήκη ετικέτας
Δεν υπάρχουν, Καταχωρήστε ετικέτα πρώτοι!

MARC

LEADER 00000nam a2200000 i 4500
001 1/75115
008 080220s2005 eng d
020 |a 978-3-540-25830-8 
020 |a 3-540-25830-2 
035 |l 10094835 
040 |a GR-MY-UA  |b gre  |e aacr 
041 0 |a eng 
082 0 |a 515  |2 (22) 
100 1 |a Jost, Jurgen  |d 1956- 
245 1 0 |a Postmodern analysis /  |c Jurgen Jost 
250 |a 3rd ed. 
260 |a Berlin ; New York :   |b Springer,   |c c2005 
300 |a xv, 371 σ.;  |b εικ.;  |c 24 εκ. 
490 1 |a Universitext 
504 |a  Περιέχει ευρετήρια 
650 0 0 |a Mathematical analysis. 
830 0 |a Universitext 
852 |a INST  |b SAMOS  |e 20080220  |h 515 JOS  |p 005300026815  |q 005300026815  |t BK  |y 0 
901 |a BIBL3-2008-1 
909 |a Σ  |b 142312 
922 |a 3ΕΛΗ  |b 200712  |c ΕΠΕΑΕΚ2/ΤΜΗΜΑ ΜΑΘΗΜΑΤΙΚΩΝ  |d ΠΑΠΑΣΩΤΗΡΙΟΥ 
970 |a ΡΟΥΣΣΟΥ  |b ΚΩΝΣΤΑΝΤΙΝΑ  |z 2008/02/20